000 00948cam a2200301 a 4500
001 15644236
003 20170214125504.0
005 20240606080955.0
008 090303s2011 caua 001 0 eng
010 _a 2009923966
020 _a9781439046890 (pbk.)
020 _a1439046891 (pbk.)
040 _aDLC
_cDLC
042 _apcc
050 0 0 _aQA39.3
_b.E89 2011
100 1 _aEwen, Dale,
_d1941-
245 1 0 _aElementary technical mathematics /
250 _a10th ed.
260 _aBelmont, CA :
_bThomson Brooks/Cole,
_cc2011.
300 _axviii, 624, [5] p. :
_bill. (some col.) ;
_c28 cm.
500 _aIncludes index.
650 0 _aMathematics
_vTextbooks.
700 1 _aNelson, C. Robert.
906 _a7
_bcbc
_corigcop
_d2
_eepcn
_f20
_gy-gencatlg
942 _2lcc
_cBK
999 _c5401
_d5401